[Event "Aligarh Pavna op"]
[Site "Aligarh"]
[Date "2016.05.20"]
[Round "6"]
[White "Lawaniya, Eshan"]
[Black "Sushant, Manuja"]
[Result "1/2-1/2"]
[WhiteElo "1806"]
[BlackElo "1791"]
[PlyCount "128"]
[EventDate "2016.05.17"]
[EventType "swiss"]
[EventRounds "9"]
[EventCountry "IND"]
[SourceTitle "CBM 172 Extra"]
[Source "ChessBase"]
[SourceDate "2016.06.21"]
[SourceVersion "1"]
[SourceVersionDate "2016.06.21"]
[SourceQuality "1"]

1. e4 e6 2. d4 d5 3. Nc3 dxe4 4. Nxe4 Nd7 5. Nf3 Ngf6 6. Nxf6+ Nxf6 7. Be2 Be7 8. 0-0 0-0 9. a3 b6 10. b3 Bb7 11. Bb2 Qc8 12. c4 c5 13. Qc1 Qc6 14. Qf4 cxd4 15. Bxd4 Nd7 16. Qg4 Bf6 17. Rfd1 Qe4 18. Qxe4 Bxe4 19. Bxf6 Nxf6 20. Rd2 Bxf3 21. Bxf3 Rad8 22. Rad1 Rxd2 23. Rxd2 Rc8 24. Bb7 Rb8 25. b4 Kf8 26. Ba6 Ke7 27. h3 Rd8 28. Rc2 Rd7 29. a4 Rc7 30. Ra2 Nd7 31. a5 Ne5 32. axb6 axb6 33. Bb5 Nc6 34. Ra6 Nxb4 35. Rxb6 Nd3 36. Ra6 Ne5 37. Ra4 Kd6 38. f4 Nd3 39. g3 Kc5 40. Kf1 e5 41. Ke2 Nb4 42. fxe5 Re7 43. Kf3 Rxe5 44. Ra7 Rf5+ 45. Kg4 Rf6 46. Rc7+ Kb6 47. Re7 Nc6 48. Re4 Kc5 49. h4 Kd6 50. Bxc6 Kxc6 51. Kh3 Kc5 52. h5 h6 53. Kh4 g6 54. hxg6 fxg6 55. Kg4 Rf5 56. Kh3 Rh5+ 57. Kg2 Rf5 58. Rh4 h5 59. Re4 g5 60. Kh3 h4 61. g4 Rf3+ 62. Kh2 Rg3 63. Re5+ Kxc4 64. Rxg5 Kd4 1/2-1/2